00988nam a2200253 a 450000100100000000500170001000800410002704000250006804100380009308200150013110000360014624000460018224500990022826000350032730000210036249000410038353400540042450400280047870000340050683000490054004900090058995201190059899900170071700002595120200930024158.0110224s1970 sp r 000 0 spa d aDO-SdBNPbspacBNPHU17aspaheng2Código de idioma MARC aNNNbC552p1 aChovin, Pauld1890-1976.95282010aLa pollution atmosphérique.lEspañol.10aLa polución atmosférica /cPaul Chovin y Andre Roussel ; traducción de Guillen Frontera. aBarcelona :bOikos-Tau,c1970. a128 p. ;c18 cm.1 aQue sais-je? en lengua castellanav3 aTítulo original:tLa pollution atmosphérique. aIncluye bibliografía:1 aFrontera, Guillemetr.952821 0aQue sais-je? en lengua castellana ;v398110 aBNGR 001054708MOaGRbGRcCTd2011-02-24iLF1l0oNNN C552pp25951-10r2020-06-25w2020-06-25y4ZPréstamo en sala c25443d25443